Básnické cesty a cestičky naďalej intuitívne vedú ...

Bibliographic Details
Main Author: Brück, Miroslav, 1964- (Author)
Format: Article
Language:Slovak
ISSN:0231-6714
Subjects:

MARC

LEADER 00000nab a2200000 a 4500
001 vtls008993381
003 SK-MaSNL
005 20260303064732.0
008 131118c2007 xo mr|p|||||||000 b|slo
015 |a SNBRB2007/05  |2 snkbucl 
038 |a SNKBUCL 
040 |a SNKBUCL  |b slo  |c SNKBUCL  |e AACR2 
041 0 |a slo 
044 |a xo  |c SK 
080 |a 821.162.4-9  |2 2001 
100 1 |a Brück, Miroslav,  |d 1964-  |4 aut  |9 211512 
245 1 0 |a Básnické cesty a cestičky naďalej intuitívne vedú ...  |c Miroslav Brück 
650 0 7 |a úvahy, slovenské  |2 snkbucl  |9 51222 
773 0 |t Romboid  |g Roč. XLII, č. 4 (2007), s. 2  |x 0231-6714 
852 |a SNK  |b KIS3GCP 
958 |a LX 
958 |a SK 
999 |c 1748331  |d 1750261